Indice de nombres latinos de ciudades con imprenta, 1448-1825 /
Tiene como propósito fundamental este ensayo presentar una relación de los nombres latinos atribuidos a las ciudades que tuvieron imprenta desde su iniciación en Europa -Maguncia, hacia el año de 1448-, hasta el de 1825.
Gorde:
| Egile nagusia: | |
|---|---|
| Formatua: | Liburua |
| Hizkuntza: | gaztelania |
| Argitaratua: |
México :
UNAM, Instituto de Investigaciones Bibliográficas,
1973, c1973
|
| Saila: | (Instituto de Investigaciones Bibliográficas. Instrumenta Bibliographica ;
2) |
| Gaiak: | |
| Etiketak: |
Etiketarik gabe, Izan zaitez lehena erregistro honi etiketa jartzen!
|
MARC
| LEADER | 00000nam^a2200000^a^4500 | ||
|---|---|---|---|
| 001 | 000131814 | ||
| 005 | 20250521000000.0 | ||
| 009 | 20260310095037.185 | ||
| 037 | |a Acervo ITESO - Biblioteca | ||
| 041 | |a ESP | ||
| 082 | |a 910. 3 |b MAN | ||
| 100 | |a Mantecón Navasal, José Ignacio |e (autor) | ||
| 245 | 1 | 0 | |a Indice de nombres latinos de ciudades con imprenta, 1448-1825 / |c J.I. Mantecón Navasal. |
| 264 | 4 | |a México : |b UNAM, Instituto de Investigaciones Bibliográficas, |c 1973, c1973 | |
| 300 | |a 143 p. | ||
| 336 | |a texto |b txt |2 rdacontenido | ||
| 337 | |a sin mediación |b n |2 rdamedio | ||
| 338 | |a volumen |b nc |2 rdasoporte | ||
| 440 | 1 | |a (Instituto de Investigaciones Bibliográficas. |p Instrumenta Bibliographica ; |v 2) | |
| 520 | |a Tiene como propósito fundamental este ensayo presentar una relación de los nombres latinos atribuidos a las ciudades que tuvieron imprenta desde su iniciación en Europa -Maguncia, hacia el año de 1448-, hasta el de 1825. | ||
| 649 | |a XX | ||
| 650 | |a Zonas Urbanas - |x Enciclopedias y Diccionarios | ||
| 650 | |a Nombres Geográficos - |x Enciclopedias y Diccionarios | ||
| 650 | |a Enciclopedias y Diccionarios Bilingües | ||
| 650 | |a Latín-Español - |x Enciclopedias y Diccionarios | ||
| 650 | |a Lenguas Romances | ||
| 650 | |a Lenguaje y Lenguas | ||
| 650 | |a Lingüística | ||
| 650 | |a Imprenta - |x Historia | ||
| 910 | |a Fondo Salvador Reynoso Reynoso | ||
| 920 | |a Impresos - Libros | ||
| 930 | |a Fondos Especiales | ||
| 905 | |a 112 | ||
| 901 | |a 0800012264 |b IT2 |c ESP |u 20250521 | ||
| 902 | |a https://opac.biblio.iteso.mx/vufind/Record/000131814 | ||